|
|
|
|
| LEADER |
00000nab a2200000 a 4500 |
| 001 |
vtls010705551 |
| 003 |
SK-MaSNL |
| 005 |
20260304185457.0 |
| 008 |
250709s1964 xo |||||||||||||||||slo| |
| 035 |
|
|
|a (urnnbn)urn:nbn:sk:snk:ar-a0401h
|
| 035 |
|
|
|a (uuid)01f63fe0-9d61-4842-9083-40ecee9c40fc
|
| 035 |
|
|
|a urn:nbn:sk:snk-ab3a2p
|
| 040 |
|
|
|a SNKBUCL
|b slo
|c SNKBUCL
|e AACR2
|
| 041 |
0 |
|
|a cze
|
| 044 |
|
|
|a xo
|c SK
|
| 100 |
1 |
|
|a Neuberg, Jaroslav
|4 aut
|9 580789
|
| 245 |
1 |
0 |
|a Dosavadní stav použití agrochemického výzkumu kapalných hnojiv
|b ROZVOJ POUŽITÍ TEKUTÝCH HNOJIV VE SVĚTE
|c Jaroslav Neuberg
|
| 773 |
0 |
|
|t Agrochemie : časopis venovaný chemizácii poľnohospodárstva
|g Roč. 4, č. 7-8 (1964), s. 102-103
|
| 850 |
|
|
|a Slovenská národná knižnica
|
| 852 |
|
|
|a Slovenská národná knižnica
|
| 954 |
|
|
|a odborná, vedecká literatúra cudzojazyčná (svetová)
|2 lita
|
| 954 |
|
|
|a odborná, vedecká literatúra pôvodná (slovenská)
|2 lita
|
| 958 |
|
|
|a article1
|
| 958 |
|
|
|a OND
|
| 958 |
|
|
|a EUIPO
|
| 999 |
|
|
|c 3043721
|d 3045651
|